[Event "Zagreb op"]
[Site "Zagreb"]
[Date "1998.01.09"]
[Round "7"]
[White "Bukal, Vladimir Sr"]
[Black "Milasin, Miljenko"]
[Result "0-1"]
[WhiteElo "2400"]
[BlackElo "2295"]
[PlyCount "108"]
[EventDate "1998.01.03"]
[EventType "swiss"]
[EventRounds "9"]
[EventCountry "CRO"]
[SourceTitle "CBM 062 Extra"]
[Source "ChessBase"]
[SourceDate "1998.03.09"]
[SourceVersion "1"]
[SourceVersionDate "1998.03.09"]
[SourceQuality "1"]

1. c4 Nf6 2. Nc3 g6 3. g3 Bg7 4. Bg2 0-0 5. d4 d6 6. Nf3 Nbd7 7. 0-0 e5 8. e4 c6 9. h3 Qb6 10. Re1 Re8 11. d5 Nc5 12. Rb1 a5 13. Be3 Qc7 14. Nd2 cxd5 15. cxd5 Bd7 16. a4 Nd3 17. Rf1 Rec8 18. Qe2 Nc5 19. Rfc1 Qd8 20. b3 Ne8 21. Nb5 b6 22. Nc4 Bxb5 23. axb5 Rcb8 24. h4 Qd7 25. Nd2 Nc7 26. Bf1 f5 27. h5 Qf7 28. hxg6 hxg6 29. f3 Qd7 30. Rc2 Rb7 31. Ra2 Rf8 32. b4 axb4 33. Rxb4 f4 34. Bf2 fxg3 35. Bxg3 Ne8 36. Qh2 Qe7 37. Bh4 Bf6 38. Bxf6 Qxf6 39. Qg3 Ng7 40. Nc4 Nxe4 41. Qg4 Ng5 42. Bg2 Nf5 43. f4 exf4 44. Qxf4 Qe7 45. Rb1 Nh4 46. Qxd6 Nhf3+ 47. Bxf3 Nxf3+ 48. Kg2 Qg5+ 49. Qg3 Qxd5 50. Rf2 Ng5+ 51. Kg1 Rxf2 52. Ne3 Rf3 53. Qg4 Rxe3 54. Rd1 Rg3+ 0-1

[Event "Zagreb op"]
[Site "Zagreb"]
[Date "1998.01.04"]
[Round "2"]
[White "Milasin, Miljenko"]
[Black "Mravunac, Branko"]
[Result "1-0"]
[WhiteElo "2295"]
[BlackElo "2100"]
[PlyCount "72"]
[EventDate "1998.01.03"]
[EventType "swiss"]
[EventRounds "9"]
[EventCountry "CRO"]
[SourceTitle "CBM 062 Extra"]
[Source "ChessBase"]
[SourceDate "1998.03.09"]
[SourceVersion "1"]
[SourceVersionDate "1998.03.09"]
[SourceQuality "1"]

1. e4 e5 2. Nf3 d6 3. d4 Bg4 4. dxe5 Bxf3 5. Qxf3 dxe5 6. Bc4 Qd7 7. Qb3 c6 8. a4 a5 9. Be3 Nf6 10. Nc3 Bb4 11. Rd1 Qe7 12. Bxf7+ Kf8 13. Bc4 Nbd7 14. 0-0 Nc5 15. Bxc5 Bxc5 16. Kh1 Ng4 17. Ne2 h5 18. Be6 Rh6 19. Bf5 Nxf2+ 20. Rxf2 Bxf2 21. Rf1 Qc5 22. Ng1 b5 23. Nh3 Rd8 24. Ng5 Qc4 25. Qxc4 bxc4 26. Ne6+ Rxe6 27. Bxe6 Rd2 28. Bxc4 Rxc2 29. b3 g5 30. g4 Kg7 31. gxh5 Kh6 32. Kg2 Be3+ 33. Kf3 Bf4 34. Bf7 Kg7 35. Be8 Rxh2 36. Bxc6 Rxh5 1-0

[Event "CRO-Cup"]
[Site "Pula"]
[Date "1996.??.??"]
[Round "?"]
[White "Milasin, Miljenko"]
[Black "Drcelic, Josip"]
[Result "1/2-1/2"]
[WhiteElo "2290"]
[BlackElo "2350"]
[PlyCount "24"]
[EventDate "1996.??.??"]
[EventType "team-tourn"]
[EventRounds "5"]
[EventCountry "CRO"]
[SourceTitle "EXT 1999"]
[Source "ChessBase"]
[SourceDate "1998.11.16"]
[SourceVersion "1"]
[SourceVersionDate "1998.11.16"]
[SourceQuality "1"]

1. d4 d5 2. Nc3 Nf6 3. Bg5 Bf5 4. e3 Nbd7 5. Bd3 Bxd3 6. Qxd3 c6 7. Nf3 e6 8. 0-0 Qc7 9. e4 dxe4 10. Nxe4 Be7 11. Rfe1 h6 12. Bh4 0-0 1/2-1/2

[Event "CRO Cup"]
[Site "Pula"]
[Date "1993.??.??"]
[Round "?"]
[White "Cvorovic, Drazen"]
[Black "Milasin, Miljenko"]
[Result "1-0"]
[WhiteElo "2395"]
[BlackElo "2305"]
[PlyCount "47"]
[EventDate "1993.??.??"]
[EventType "team-tourn"]
[EventRounds "5"]
[EventCountry "CRO"]
[SourceTitle "EXT 2000"]
[Source "ChessBase"]
[SourceDate "1999.11.16"]
[SourceVersion "1"]
[SourceVersionDate "1999.11.16"]
[SourceQuality "1"]

1. e4 c5 2. Nf3 d6 3. Bb5+ Bd7 4. Bxd7+ Qxd7 5. c4 Nc6 6. d4 cxd4 7. Nxd4 g6 8. 0-0 Nf6 9. Nc3 Nxd4 10. Qxd4 Bg7 11. b3 0-0 12. Bb2 Nh5 13. Qd2 Rfe8 14. f4 a6 15. a4 Qc6 16. Kh1 Qc5 17. Rf3 e6 18. Ba3 Qb6 19. Bxd6 Qxb3 20. c5 Nf6 21. e5 Nd5 22. Rb1 Qc4 23. Nxd5 exd5 24. Rb4 1-0

[Event "CRO-chT"]
[Site "Pula"]
[Date "1993.??.??"]
[Round "7"]
[White "Milasin, Miljenko"]
[Black "Gyorkos, Lajos"]
[Result "0-1"]
[WhiteElo "2305"]
[BlackElo "2435"]
[PlyCount "72"]
[EventDate "1993.??.??"]
[EventType "team-tourn"]
[EventRounds "9"]
[EventCountry "CRO"]
[SourceTitle "EXT 1999"]
[Source "ChessBase"]
[SourceDate "1998.11.16"]
[SourceVersion "1"]
[SourceVersionDate "1998.11.16"]
[SourceQuality "1"]

1. e4 c5 2. Nf3 d6 3. d4 cxd4 4. Nxd4 Nf6 5. Nc3 Nc6 6. Bc4 Qb6 7. Ndb5 a6 8. Be3 Qa5 9. Nd4 g6 10. 0-0 Bg7 11. Bb3 0-0 12. Re1 Ng4 13. Nxc6 bxc6 14. Bd4 Bxd4 15. Qxd4 Rb8 16. h3 Qe5 17. Qxe5 Nxe5 18. f4 Nd7 19. e5 d5 20. Na4 Rb4 21. g3 Nb6 22. Nxb6 Rxb6 23. h4 a5 24. c4 d4 25. c5 Rb4 26. Red1 a4 27. Bc2 Bg4 28. Rdc1 Rd8 29. a3 Rxb2 30. Bxa4 d3 31. Bd1 Bh3 32. Bf3 d2 33. Rc3 h5 34. Bd1 Rdb8 35. Kh2 Rb1 36. Rxb1 Rxb1 0-1